| 000 | 00363nam a22001577a 4500 | ||
|---|---|---|---|
| 003 | OSt | ||
| 005 | 20240109152130.0 | ||
| 008 | 190912b xxu||||| |||| 00| 0 eng d | ||
| 020 | _a9789387964051 | ||
| 040 | _cIIMT UNIVERSITY | ||
| 100 | _aRAZDAN. B | ||
| 245 | _aMEDICINAL CHEMISTRY | ||
| 260 |
_aNEW DELHI _bCBS PB _c2019 |
||
| 300 | _a1041 | ||
| 942 |
_2ddc _c01 |
||
| 999 |
_c49035 _d49035 |
||